Le don Juan de Mozart
Gespeichert in:
| 1. Verfasser: | |
|---|---|
| Format: | Buch |
| Sprache: | Französisch |
| Veröffentlicht: |
París
Paul Ollendorff
1890
|
| Schlagworte: | |
| Tags: |
Tag hinzufügen
Keine Tags, Fügen Sie den ersten Tag hinzu!
|
MARC
| LEADER | 00000nam a2200000 a 4500 | ||
|---|---|---|---|
| 001 | UCU2443 | ||
| 003 | CL-VaPUC | ||
| 005 | 20240628104439.0 | ||
| 008 | 960426e18900000FR |||||||||||||||||fre|d | ||
| 999 | |c 246737 |d 246735 | ||
| 040 | |c Pontificia Universidad Católica de Valparaíso | ||
| 082 | 0 | 4 | |a 782.1 |b GOU |2 21 |
| 100 | 0 | |a Gounod, Charles Francois |e author |9 306592 | |
| 245 | 1 | 3 | |a Le don Juan de Mozart |
| 260 | |a París |b Paul Ollendorff |c 1890 | ||
| 300 | |a 216 p | ||
| 583 | |a last modification |c 19960426 00:00:00 |k Rodrigo Vera | ||
| 600 | 0 | |a Mozart, Wolfgang Amadeus |d 1756-1791 |9 869087 | |
| 650 | 0 | |a Ópera |2 CL-VaPUC |9 306284 | |
| 650 | 0 | |a Composición musical |2 CL-VaPUC |9 306660 | |
| 650 | 0 | |a Música vocal |9 306287 | |
| 942 | |c BK |2 ddc | ||
| 945 | |d 19960426 00:00:00 |a rleighto | ||